000 01664nam a22003137a 4500
001 8620
003 FISKH
005 20251009135843.0
008 251006b cb ||||| |||| 00| 0 eng d
020 _a9789996301216
040 _aFISKH
_bkhr
_cFISKH
_dFISKH
050 _aPZ7
082 _a590
100 _aTongleang, Noeun
245 _aអណ្តើកតូច :
_bSmall tortoise /
_cនិពន្ធដោយ លោក នឿន តុងហេង ,​ កែសម្រួលដោយ អ្នកស្រី គឹមស៊ុន សុធារី
260 _aPhnom Penh :
_bReading Books ,
_c2010.
300 _a20 pages :
_bcolor illustrations ;
_c25 cm .
490 _aពិភពរឿងនិទាន
505 _aJ
520 _aរឿងនិទាននេះមានគោលបំណងបណ្តុះបណ្តាលកុមារឲ្យមានភាពក្លាហាននៅពេលពួកគេចង់ជួបឧបសគ្គណាមួយ ហើយសំខាន់ជាងនេះទៅទៀត គឺដើម្បីរំលឹកឲ្យពួកគេកុំឲ្យអួតអាងពេក។
520 _aThis tale is intended to educate children to be brave when they are encounter any obtacles , and , more significatly , to remind them not to be so boastful .
521 8 _a500
_bLexile estimate
521 8 _aJ
_bRaz-Plus
650 _aអណ្តើកតូច
_vរឿងនិទានកុមារ
650 _aSmall tortoise
_vChildren's stories
700 _aBunthorn, Theak
_eIllustrator
942 _2ddc
_cKHB
_n0
999 _c8620
_d8620